Linear algebraic groups

Αποθηκεύτηκε σε:
Λεπτομέρειες βιβλιογραφικής εγγραφής
Κύριος συγγραφέας: Borel, Armand
Μορφή: Βιβλίο
Γλώσσα:English
Δημοσίευση: New York : Springer-Verlag, c1991
Έκδοση:2nd enl. ed
Σειρά:Graduate texts in mathematics ; ; 126
Θέματα:
Ετικέτες: Προσθήκη ετικέτας
Δεν υπάρχουν, Καταχωρήστε ετικέτα πρώτοι!

MARC

LEADER 00000cam a2200000 i 4500
001 1/32246
008 941103s1991 eng d
020 |a 0387973702 
020 |a 3540973702 
035 |a 1993  |l 10039047 
040 |a GR-MY-UA  |b gre  |e aacr 
041 0 |a eng 
082 0 |a 512.5 
100 1 |a Borel, Armand. 
245 1 0 |a Linear algebraic groups /  |c Armand Borel 
250 |a 2nd enl. ed 
260 |a New York :   |b Springer-Verlag,   |c c1991 
300 |a x, 288 p.;  |c 24 cm. 
490 1 |a Graduate texts in mathematics  |v ; 126 
500 |a Includes bibliographical references (p. 280-281) and indexes 
650 0 0 |a Linear algebraic groups. 
830 0 |a Graduate texts in mathematics ;  |v ; 126 
852 |a INST  |b SAMOS  |e 19941103  |h 512.5 BOR  |p 005300006848  |q 005300006848  |t BK  |y 0 
909 |a Σ  |b 029377